000 00872nam a22002657a 4500
001 5041
003 FISKH
005 20241101131856.0
008 241101b cb ||||| |||| 00| 0 eng d
020 _a9780590554114
040 _aFISKH
_beng
_cFISKH
_dFISKH
050 _aPZ7.P61464
082 _a813.54
100 _aPierce, Tamora
245 _aBriar's Book /
_cby Tamora Pierce
250 _aFirst Scholastic trade paperback printing , March 2000
260 _aNew York :
_bScholastic ;
_c1999.
300 _a258 pages :
_billustratios, maps ;
_c18 cm .
490 _aCircle of Magic
_vBook 4
520 _aBriar, a young mage-in-training, and his teacher Rosethorn must use their magic to fight a deadly plague that is ravaging Summersea.
650 _ayoung adult
_vfiction
700 _aUrsula, Albano
_edesigner
942 _2ddc
_cBK
_n0
999 _c5041
_d5041